It looks like you're offline.
Open Library logo
additional options menu

MARC record from Internet Archive

LEADER: 01769aam a2200481Ia 4500
001 751835212
003 OCoLC
005 20151005093153.0
008 110822s2012 cau 000 1 eng d
020 $a9781597803298 (hbk.)
020 $a1597803294 (hbk.)
035 $a751835212
035 $a(OCoLC)751835212
037 $aBRO-adap20120125-081
040 $aUKMGB$beng$cUKMGB$dOJ4$dOCLCQ$dIUK$dSFR$dUtOrBLW
049 $aSFRA
082 04 $a813.54$223
092 $aSF$bCOOK GLE
100 1 $aCook, Glen.
245 12 $aA path to coldness of heart /$cGlen Cook.
250 $a1st ed.
260 $aSan Francisco :$bNight Shade Books,$c2012.
300 $a430 p. ;$c25 cm.
336 $atext$btxt$2rdacontent
337 $aunmediated$bn$2rdamedia
338 $avolume$bnc$2rdacarrier
490 1 $aDread empire ;$vv. 3
500 $a"The final chronicle of the Dread empire vol. III."
650 0 $aImaginary wars and battles$vFiction.
655 7 $aFantasy fiction.$2gsafd
800 1 $aCook, Glen.$tDread empire ;$vv. 3.
907 $a.b24846120$b09-20-18$c12-21-11
998 $axfs$b01-25-12$cm$da $e-$feng$gcau$h2$i18
957 00 $aOCLC reclamation of 2017-18
907 $a.b24846120$b04-04-15$c12-21-11
956 $aPre-reclamation 001 value: ocn751835212
975 $aSFR
980 $a0112
998 $axfs$b01-25-12$cm$da$e-$feng$gcau$h2$i18
994 $aC0$bSFR
999 $yMARS
945 $aSF$bCOOK GLE$d - - $e09-26-2016 15:14$f0$g0$h10-01-16$i31223099365620$j503$0503$k - - $lxfsaa$o-$p$24.99$q $r-$s- $t0$u4$v0$w0$x0$y.i67828450$z01-26-12
945 $aSF$bCOOK GLE$d - - $e11-23-2014 13:22$f0$g0$h12-19-14$i31223099365695$j503$0503$k - - $lxfsst$o-$p$24.99$q $r-$s- $t0$u8$v5$w0$x0$y.i67828462$z01-26-12